| 000 | 00342nam a2200133Ia 4500 | ||
|---|---|---|---|
| 008 | 210210b1986 xxu||||| |||| 00| 0 eng d | ||
| 082 | _a796.334 WILL | ||
| 100 | _aWILLS BOOK OF EXCELLENCE. | ||
| 245 | _aFootball. | ||
| 260 |
_aCalcutta _bOrient Longman Ltd., _c1986 |
||
| 300 | _a192 | ||
| 690 | _aAthletic & Outdoor Sports | ||
| 906 | _a038196 | ||
| 999 |
_c88491 _d88491 |
||